|
|
|
|
| LEADER |
00000nam a2200000 a 4500 |
| 001 |
UCW0517 |
| 003 |
CL-VaPUC |
| 005 |
20241127113816.0 |
| 008 |
911002e19750000SP |||||||||||||||||spa|d |
| 999 |
|
|
|c 215656
|d 215654
|
| 040 |
|
|
|c Pontificia Universidad Católica de Valparaíso
|
| 082 |
0 |
4 |
|a 575.1 BRA 1975
|2 21
|
| 100 |
0 |
|
|a Brachet, Jean
|9 304439
|
| 245 |
1 |
0 |
|a Introducción a la Embriología Molecular
|
| 260 |
|
|
|a Madrid
|b Blume
|c 1975
|
| 300 |
|
|
|a 248 páginas
|
| 583 |
|
|
|a last modification
|c 19911002 00:00:00
|k Rodrigo Vera
|
| 650 |
|
0 |
|a Embriología
|9 269729
|
| 650 |
|
0 |
|a Genética
|9 259443
|
| 942 |
|
|
|c BK
|2 ddc
|
| 945 |
|
|
|d 19911002 00:00:00
|
| 952 |
|
|
|0 0
|1 0
|2 ddc
|4 0
|6 575_100000000000000_BRA_1975
|7 0
|8 A
|9 200284
|a BIBCUR
|b BIBCUR
|d 2019-11-14
|i 2675447
|o 575.1 BRA 1975
|p 2675447
|r 2025-04-22
|t 2
|w 2019-11-14
|y BK
|k BIO
|